000 004670000a22001690004500
003 MACL
005 20160128130931.0
008 160128b xxu||||| |||| 00| 0 eng d
040 _aMACL
_cMACL
041 _aEnglish
082 _a910/PUR
100 _aPuri, Gopal K
_933686
245 _a4000 Objective type multiple choice expected questions on Geography
260 _bIIMS Publications
_c2003
_aNew Delhi
650 _aGeography
_934858
942 _cBK
_k910/PUR
_2ddc
999 _c31707
_d31707